000 02846nam a2200325 4500
001 14
003 OSt
005 20250528074009.0
008 250120b |||||||j |||| 00| 1 eng d
020 _a9788581636696
040 _bpor
041 _heng
_apor
082 _air820
_bA285s
100 1 _aAhern, Cecelia,
_d1981-
_924
240 _aWhere rainbows end
245 _aSimplesmente acontece /
_cAhern, Cecelia ; Tradução de Amanda Moura da Silva Santos e Ivar Panazzolo Junior
260 _aSão Paulo
_bNovo Conceito
_c2014
300 _a448 p.
520 _aDa mesma autora dos best-sellers P.S. Eu Te Amo, O Presente, A Vez da Minha Vida e O Livro do Amanhã. #O livro que deu origem ao filme com Lily Collins e Sam Clafin com estreia no Brasil programada para janeiro de 2015. # Considerado pelos leitores e crítica um dos melhores livros da autora. Você acha que é possível existir amizade verdadeira entre um homem e uma mulher? O que acontece quando duas pessoas que foram feitas uma para a outra simplesmente não conseguem ficar juntas? Desde crianças, Rosie e Alex viviam juntos. Todo mundo achava que eles tinham nascido para ser um casal. Todo mundo menos eles mesmos. Grandes amigos desde criança, eles se separaram na adolescência, quando Alex se mudou com sua família de Dublin para os Estados Unidos. Os dois não conseguiram mais se encontrar, mas, através dos anos, a amizade foi mantida através de e-mails, mensagens de textos, cartas, cartões-postais... Ele se tornou um cirurgião renomado... Ela continua correndo atrás do sonho de trabalhar em um hotel luxuoso. Os desencontros, as circunstâncias e uma absurda falta de sorte os mantiveram longe um do outro – até agora. Mesmo sofrendo com a distância, os dois aprenderam a viver um sem o outro. Só que o destino gosta de se divertir, e já mostrou que a história deles não termina assim, de maneira tão simples. Resta saber se eles vão ter coragem de apostar tudo, inclusive a própria amizade que os une, num amor para a vida inteira. Que tipo de surpresa o destino reserva para eles desta vez? Cecelia Ahern nos presenteia com outra de suas histórias de amor mais do que possíveis, mas não por isso menos mágicas... Os personagens de Simplesmente Acontece são cativantes e supercomuns – e é justamente por isso que torcemos tanto para que sejam felizes. As lições deste livro? A vida passa rápido, e alguns erros, mesmo que pareçam bobos, podem carregar você para longe da felicidade.
650 0 _aLiteratura Irlandesa
_987
650 0 _aDrama
_918
650 0 _aAmor e Paixão
_925
650 0 _aFilme
_926
650 0 _aGrandes Amizades
_928
655 0 _aRomance
_923
655 0 _aFicção
_922
700 _eTradutor
_aAmanda Moura da Silva Santos
700 _eTradutor
_aIvar Panazzolo Junior
942 _2ddc
_n0
_cBK
999 _c14
_d14